000 00469nam a2200169 i 4500
001 bg
100 1 _aCHMIELNICKI, Witold
245 0 _aLaboratorium automatyzacji urządzeń sanitarnych /
_cW. Chmielnicki, K. Kasperkowicz, B. Zawada.
260 _aWarszawa,
_c1987.
700 1 _aKASPERKIEWICZ, Krzysztof
700 1 _aZAWADA, Bernard
040 _cBPK
041 _apol
080 _a628:681.5](075.8)
942 _cKS
008 s pl f |000 0 pol
999 _c3503
_d3503
856 _uhttp://koha.tu.koszalin.pl/cgi-bin/koha/opac-detail.pl?biblionumber=3503
_yKatalog online BPK